Živý zdroj rozvoja spoločnosti Vyšší typ demokracie - historická vymoženosť socializmu

Bibliographic Details
Main Author: Mojš, Vratislav (Author)
Format: Article
Language:Slovak
Subjects:

MARC

LEADER 00000nab a2200000 a 4500
001 vtls000017431
003 SK-MaSNL
005 20260303030901.0
008 111103c1979 xo 0 slo
015 |a SNBRB19rr/mm-uuuuu 
035 |a CL0027525 
040 |a SNKBUCL  |b slo  |c SNKBUCL  |e AACR2 
041 0 |a slo 
044 |a xo  |c SK 
080 |a 321  |2 1981 
100 1 |a Mojš, Vratislav  |4 aut  |9 976605 
245 1 0 |a Živý zdroj rozvoja spoločnosti  |b Vyšší typ demokracie - historická vymoženosť socializmu  |c Vratislav Mojš 
650 0 7 |a demokracia  |2 snkbucl  |9 3564 
650 0 7 |a socializmus  |2 snkbucl  |9 2151 
655 7 |a články z novín a časopisov  |2 snkbucl  |9 267496 
773 0 |t Pravda  |g Roč. 60, č. 22 (26. 1. 1979), s. 5 
850 |a Slovenská národná knižnica v Martine  |a MTA001 
852 |a SNK  |b KIS3GCP 
958 |a RK 
992 |a RBX 
999 |c 1654721  |d 1656651